000 00558nam a2200193 4500
001 118425
003 ES-MaACL
005 20230906191109.0
007 t|
008 070214s1957 sp r ||||1| spa d
100 1 _aPérez, Rafael.
_990609
245 1 0 _aTestigos y combatientes del Reino de Cristo /
_cpor Rafael Pérez.
260 _aIrache (Navarra) :
_bYocosuka,
_c1957.
300 _a293 p. ;
_c19 cm.
490 1 _aBiblioteca yocosuka
830 0 _aBiblioteca yocosuka
_9218507
852 _aES-MaACL
_jC-14817
_bR.42459
999 _c118425
_d118425